The States Reorganisation Commission's visit to Bihar (Record no. 488882)

000 -LEADER
fixed length control field 00434cam a22001337a 4500
008 - FIXED-LENGTH DATA ELEMENTS--GENERAL INFORMATION
fixed length control field 180718b1955 xxu||||| |||| 00| 0 eng d
082 ## - DEWEY DECIMAL CLASSIFICATION NUMBER
Classification number B813x54 In2b
100 ## - MAIN ENTRY--PERSONAL NAME
Personal name Bihar. States Reorganisation Commission
245 ## - TITLE STATEMENT
Title The States Reorganisation Commission's visit to Bihar
260 ## - PUBLICATION, DISTRIBUTION, ETC.
Place of publication, distribution, etc. Patna
Name of publisher, distributor, etc. The Public Relations Department
Date of publication, distribution, etc. 1955
300 ## - PHYSICAL DESCRIPTION
Extent 112+p.
500 ## - GENERAL NOTE
General note Chairman: Sayed Fazal Ali
700 ## - ADDED ENTRY--PERSONAL NAME
Personal name Ali, Saiyad Fazal, Chairman
Holdings
Withdrawn status Lost status Damaged status Not for loan Permanent Location Current Location Date acquired Full call number Barcode Date last seen Price effective from Koha item type
        Indian Institute of Public Administration Indian Institute of Public Administration 2018-08-04 B813x54 In2b GR2493 2018-08-04 2018-08-04 GR

Powered by Koha